| 000 | 01164nam0a2200301 i 4500 | ||
|---|---|---|---|
| 001 | RU\NLR\bibl\2075542 | ||
| 005 | 20260405075928.0 | ||
| 010 |
_a9785967604256 _91000 |
||
| 035 | _a(NLR Aleph) 002061422 | ||
| 090 |
_a4685716 _c4685716 |
||
| 100 | _a20130304d2012 k y0rusy50 ca | ||
| 101 | 0 |
_arus _deng |
|
| 102 | _aRU | ||
| 105 | _ay ||||||||| | ||
| 200 | 1 |
_aФилософия Стои как феномен эллинистическо-римской культуры _fА.С. Степанова |
|
| 210 |
_aСанкт-Петербург _cПетрополис _d2012 |
||
| 215 |
_a398 с. _d21 |
||
| 300 | _aРез. на англ. яз. | ||
| 320 | _aБиблиогр.: с. 370-398 (472 назв.) и в примеч.: с. 356-369 | ||
| 606 | 1 |
_aСтоицизм _xИстория _92334449 _3RU\NLR\auth\661395779 |
|
| 686 | _aЮ3(0)322-231 | ||
| 686 | _aЮ3(0)323-231 | ||
| 700 | 1 |
_4070 _7ca _8rus _aСтепанова _bА. С. _cд-р филос. наук _gАнна Сергеевна _910339 _3RU\NLR\auth\7727304 |
|
| 801 | 0 |
_aRU _bNLR _c20130304 _gRCR |
|
| 801 | 1 |
_aRU _bNLR _c20130304 |
|
| 942 | _cBOOK | ||
| 980 | _aNBR | ||